| 000 | 00645nam a2200229 i 4500 | ||
|---|---|---|---|
| 001 | 19090 | ||
| 003 | ES-MaACL | ||
| 005 | 20230906152009.0 | ||
| 007 | t| | ||
| 008 | 020528s2001 sp ||||1| spa d | ||
| 020 | _a84-8306-464-2 | ||
| 080 | _a821.111(73)-31"19" | ||
| 100 | 1 |
_aMartin, Gregory. _977303 |
|
| 245 | 1 | 0 |
_aMountain City / _cGregory Martin ; traducción de Ismael Attrache. |
| 250 | _a1ª ed. | ||
| 260 |
_aMadrid : _bDebate, _c2001. |
||
| 300 |
_a183 p. ; _c22 cm. |
||
| 490 | 0 | _aNarrativa | |
| 700 | 1 |
_aAttrache, Ismael. _923775 |
|
| 830 | 0 |
_aNarrativa (Editorial Debate) _9123210 |
|
| 852 |
_aES-MaACL _jL-25557 _bR.130687 |
||
| 999 |
_c19090 _d19090 |
||